Statystyki dla NAJBOGATSZE PAŃSTWA EUROPY

Kliknij tutaj aby rozwiązać quiz!

Ogólne statystyki

  • Ten quiz został rozwiązany 641 razy
  • Średni wynik to 8 z 10

Statystyki odpowiedzi

NA OSOBĘPAŃSTWO% Poprawnych
823,6 tys.Niemcy
98%
529,3 tys.Norwegia
84%
240,7 tys.Szwajcaria
84%
923,5 tys.Szwecja
84%
1023,4 tys.Wielka Brytania
84%
335,1 tys.Luksemburg
75%
627,6 tys.Dania
74%
724,2 tys.Austria
67%
164,6 tys.Liechtenstein
66%
429,5 tys.Islandia
63%

Rozkład punktacji

Percentyl według liczby udzielonych odpowiedzi

Procent ludzi z każdym wynikiem

Twoja historia wyników

Nie rozwiązałeś tego quizu